00814nam a2200205 a 450000100100000000500170001000800410002702000150006804000250008310000300010824000140013824501770015225000120032926000570034130000210039850400330041970000330045295201060048599900170059100003947820201002031654.0130702s1989 xxu 000 0 spa d a0911713042 aDO-SdBNPbspacBNPHU1 aYudelman, Sally W.96566410lespañol14aUna apertura a la esperanza :bestudios de cinco organizaciones femeninas de desarrollo de América Latina y el Caribe /cSally W. Yudelman ; traducción Stella M. Covre. a2a. ed. aEstados Unidos :bFundación Interamericana,c1989. a131 p. ;c22 cm. aBibliografía : p. 123 -1311 aCovre, Stella M.etr.965665 0010507-18MOaGRbGRcOId2013-07-02iLF1l0o p39478-10r2020-06-25w2020-06-25y1ZNo se presta c38968d38968